000 00920nas a2200277 454500
001 32541
005 20260407193508.0
008 260407s1986####ag###########|||spa#d
003 AR-UNSa-BCEJYS
040 _aAR-UNSa-BCEJYS
_bspa
_cAR-UNSa-BCEJYS
080 _a347.736
_xQuiebra. Insolvencia. Suspensión de pagos. Bancarrota, procedimientos. Derecho Concursal
245 1 0 _aEl notificador
_pactuación en la Justicia
264 1 _aBuenos Aires :
_bEl Notificador
_c1986
310 _aFrecuencia: Bimestral
041 _aspa
942 _cSER
590 _aniveau_biblio:s niveau_hierar:1
100 1 _aUsenki, Dora Haydée
700 1 _aLópez Quintela, Oscar
650 _aDerecho
650 _aJURISPRUDENCIA
650 _aDOCTRINA
650 _aSINDICO DEL CONCURSO
650 _aDERECHO CONCURSAL
856 4 1 _uhttps://biblioeco.unsa.edu.ar/pmb/images/revistas/notificador.jpg
_yImagen de portada
_qimage/jpeg
999 _c8726
_d8726